000 00616nam a2200193Ia 4500
999 _c42750
_d42750
003 GCL
005 20240530103823.0
008 140319s9999 xx 000 0 ara d
040 _aGCL /
_cGCL
082 0 4 _a247.7
_bم أ
100 1 _aماديلونغ ، فيلفرد
245 1 0 _aاخبار ائمة الزيدية فى طبرستان وديلمان وجيلان /
_cفيلفرد ماديلونغ
260 _a[S.N] :
_bفرانتس شتاينر بفيسبادن ،
_c1987
300 _a377 ص
650 0 4 _aالشيعة
650 0 4 _aفقه الزيدية
650 0 4 _aالزيدية
942 _2ddc
_cBK